000 00869 a2200265 4500
999 _c2585
_d2585
020 _a9781412929462
020 _a9781412929479
050 0 0 _aHV9647 CAV 2007
100 1 _aCavadino, Michael,
_d1953-
245 1 4 _aThe penal system :
_ban introduction /
_cMichael Cavadino and James Dignan.
250 _a4th ed.
264 _aLos Angeles
_bSAGE
_c2007
300 _avii, 474 p. :
_bill. ;
500 _aPenal system
504 _aIncludes bibliographical references (p. [414]-456) and index.
650 0 _aCorrections
650 0 _aCorrections
650 0 _aImprisonment
650 0 _aImprisonment
650 0 _aCriminal justice, Administration of
650 0 _aCriminal justice, Administration of
700 1 _aDignan, James.
942 _2lcc
_cBK
_e4th ed.
_h9647
_iCAV
_kHV